Statistics for Can you name all the countries with over 100 millions people?

Click here to take the quiz!

General Stats

  • This quiz has been taken 108 times
  • The average score is 12 of 14

Answer Stats

HintAnswer% Correct
Population:1,439,323,776China
100%
Population:1,380,004,385India
99%
Population:331,002,651United states of america
98%
Population:212,559,417Brazil
96%
Population:128,932,753Mexico
95%
Population:145,934,462Russia
95%
Population:126,476,461Japan
94%
Population:273,523,615Indonesia
88%
Population:220,892,340Pakistan
85%
Population:206,139,589Nigeria
84%
Population:164,689,383Bangladesh
83%
Population:102,334,404Egypt
80%
Population:109,581,078Philippines
69%
Population:114,963,588Ethiopia
65%

Score Distribution

Percentile by Number Answered

Percent of People with Each Score

Your Score History

You have not taken this quiz